[Event "Chigorin Memorial 2019"]
[Site "St Petersburg RUS"]
[Date "2019.10.08"]
[Round "4.84"]
[White "Indzhiev, Aldar"]
[Black "Kuzmin, Roman"]
[Result "0-1"]
[WhiteElo "2180"]
[BlackElo "2013"]
[WhiteFideId "34121703"]
[BlackFideId "44134932"]
[EventDate "2019.10.05"]

1. c4 e5 2. Nc3 Nf6 3. Nf3 Nc6 4. e4 g6 5. d3 Bg7 6. Be2 d6 7. h3 h6 8. g4 Be6
9. a3 a5 10. Bd2 Nd7 11. Nd5 a4 12. Be3 Nd4 13. Nxd4 exd4 14. Bd2 Bxd5 15. cxd5
c5 16. h4 b5 17. f4 Qe7 18. Kf2 f5 19. exf5 gxf5 20. g5 Nb6 21. Bh5+ Kd7 22. Re1
Qf8 23. Qe2 hxg5 24. hxg5 Rxh5 25. Qxh5 Nxd5 26. Qg6 Ne3 27. Bxe3 dxe3+ 28. Kxe3
Bxb2 29. Rab1 Bc3 30. Rh1 Qe8+ 31. Qxe8+ Rxe8+ 32. Kf3 b4 33. d4 cxd4 34. axb4
a3 35. Rh7+ Re7 36. g6 d3 37. Rxe7+ Kxe7 38. Rg1 d2 39. g7 d1=Q+ 40. Rxd1 Bxg7
41. b5 a2 42. b6 Kd7 43. b7 Kc7 44. Rxd6 a1=Q 45. Rb6 Qf1+ 0-1

[Event "Chigorin Memorial 2019"]
[Site "St Petersburg RUS"]
[Date "2019.10.08"]
[Round "4.85"]
[White "Filimonov, Mikhail A."]
[Black "Strybuk, Artsiom I"]
[Result "1/2-1/2"]
[BlackTitle "FM"]
[WhiteElo "1915"]
[BlackElo "2179"]
[WhiteFideId "24205354"]
[BlackFideId "13515659"]
[EventDate "2019.10.05"]

1. e4 e5 2. Nf3 Nc6 3. Bb5 Nf6 4. d3 Bc5 5. O-O d6 6. Nbd2 O-O 7. a4 Ne7 8. Nb3
a6 9. Bc4 Ba7 10. Qe2 Ng6 11. Be3 Re8 12. Nbd2 c6 13. c3 d5 14. Bb3 h6 15. Bxa7
Rxa7 16. g3 Ra8 17. Rfe1 Bh3 18. Nf1 Qd7 19. Ne3 dxe4 20. dxe4 Nxe4 21. Rad1 Qe7
22. Bc2 Nf6 1/2-1/2

[Event "Chigorin Memorial 2019"]
[Site "St Petersburg RUS"]
[Date "2019.10.08"]
[Round "4.86"]
[White "Zhukov, Anton"]
[Black "Aga, Rihard"]
[Result "1/2-1/2"]
[WhiteElo "2178"]
[BlackElo "1960"]
[WhiteFideId "34187534"]
[BlackFideId "4505603"]
[EventDate "2019.10.05"]

1. d4 Nf6 2. c4 g6 3. Nc3 d5 4. cxd5 Nxd5 5. e4 Nxc3 6. bxc3 Bg7 7. Be3 c5 8.
Qd2 Qa5 9. Rc1 cxd4 10. cxd4 Qxd2+ 11. Bxd2 O-O 12. d5 a6 13. Nf3 e6 14. Be2
exd5 15. exd5 Bf5 16. O-O Rd8 17. Bc4 Bb2 18. Rcd1 Bc2 19. Rde1 b5 20. Ba5 Rc8
21. Be2 Nd7 22. Bd1 Bd3 23. Be2 Bc2 24. Bd1 1/2-1/2

[Event "Chigorin Memorial 2019"]
[Site "St Petersburg RUS"]
[Date "2019.10.08"]
[Round "4.87"]
[White "Pogorelskikh, Sofia"]
[Black "Izoitko, Alexey"]
[Result "1-0"]
[WhiteElo "2173"]
[BlackElo "1981"]
[WhiteFideId "44164548"]
[BlackFideId "24106062"]
[EventDate "2019.10.05"]

1. e4 c5 2. Nf3 d6 3. d4 cxd4 4. Nxd4 Nf6 5. Nc3 g6 6. Be3 Bg7 7. f3 Nc6 8. Qd2
O-O 9. Bc4 Bd7 10. O-O-O Rb8 11. Bb3 Na5 12. h4 b5 13. h5 Nc4 14. Bxc4 bxc4 15.
hxg6 fxg6 16. Kb1 Qb6 17. Qc1 Qa5 18. Ka1 Rb7 19. Qd2 Rfb8 20. Rb1 Rb6 21. Nde2
Rb4 22. Bd4 Be6 23. a3 R4b7 24. g4 Bf7 25. g5 Nh5 26. Bxg7 Nxg7 27. f4 Qc5 28.
Ng3 Ne6 29. f5 Nxg5 30. Nge2 Nf3 31. Qh6 g5 32. Qxh7+ Kf8 33. Qh8+ Bg8 34. Qh6+
Ke8 35. Qh5+ 1-0

[Event "Chigorin Memorial 2019"]
[Site "St Petersburg RUS"]
[Date "2019.10.08"]
[Round "4.88"]
[White "Kuizhev, Adam"]
[Black "Vasiliev, Georgiy"]
[Result "1/2-1/2"]
[WhiteElo "1879"]
[BlackElo "2172"]
[WhiteFideId "44166265"]
[BlackFideId "34126535"]
[EventDate "2019.10.05"]

1. e4 c6 2. d4 d5 3. Nc3 dxe4 4. Nxe4 Nf6 5. Nxf6+ exf6 6. c3 Bd6 7. Bd3 O-O 8.
Ne2 Re8 9. O-O Qc7 10. Ng3 Be6 11. Qh5 g6 12. Qh4 f5 13. Bh6 Be7 14. Bg5 Bd6 15.
Bh6 1/2-1/2

[Event "Chigorin Memorial 2019"]
[Site "St Petersburg RUS"]
[Date "2019.10.08"]
[Round "4.89"]
[White "Volkov, Roman"]
[Black "Slastikhin, Vladislav"]
[Result "1-0"]
[WhiteElo "2170"]
[BlackElo "1980"]
[WhiteFideId "34191442"]
[BlackFideId "34157325"]
[EventDate "2019.10.05"]

1. d4 Nf6 2. c4 e6 3. g3 Be7 4. Bg2 O-O 5. Nf3 b6 6. Ne5 d5 7. O-O Bb7 8. Nc3
Nbd7 9. cxd5 exd5 10. Qa4 Nxe5 11. dxe5 Ne8 12. Nxd5 Bxd5 13. Rd1 c6 14. e4 Nc7
15. exd5 cxd5 16. Qb3 Bc5 17. Bxd5 Nxd5 18. Rxd5 Qe7 19. Be3 Bxe3 20. Qxe3 Qb4
21. Qd4 Qxd4 22. Rxd4 Rfe8 23. f4 Rac8 24. Rad1 h5 25. R1d2 Rc7 26. Kg2 g6 27.
Kh3 Ree7 28. Kh4 Kg7 29. Kg5 Rc5 30. Rd5 Rxd5 31. Rxd5 Rc7 32. h3 Rb7 33. a3 Rc7
34. g4 hxg4 35. hxg4 Re7 36. f5 gxf5 37. gxf5 Rc7 38. f6+ Kh7 39. Rd2 b5 40.
Rh2+ Kg8 41. Kf5 a6 42. Ke4 Rd7 43. Rg2+ Kf8 44. Rc2 Kg8 45. b4 Kh7 46. Rc6 Ra7
47. e6 fxe6 48. Ke5 a5 49. Rxe6 Kg6 50. Rb6 axb4 51. axb4 Rh7 52. f7+ Kg7 53.
f8=Q+ 1-0

[Event "Chigorin Memorial 2019"]
[Site "St Petersburg RUS"]
[Date "2019.10.08"]
[Round "4.90"]
[White "Khramov, Andrey"]
[Black "Yudkevich, Mikhail"]
[Result "1-0"]
[WhiteElo "2159"]
[BlackElo "1954"]
[WhiteFideId "24199257"]
[BlackFideId "4134486"]
[EventDate "2019.10.05"]

1. e4 g6 2. d4 d6 3. Nc3 Bg7 4. Be3 Nd7 5. Qd2 a6 6. Nf3 b5 7. Bd3 Bb7 8. O-O-O
h6 9. h3 e6 10. d5 e5 11. Nh2 Ne7 12. f4 exf4 13. Bxf4 g5 14. Bg3 Ng6 15. Ng4
Nb6 16. Rdf1 c5 17. dxc6 Bxc6 18. Nd5 Bxd5 19. exd5 O-O 20. h4 Nc4 21. Bxc4 bxc4
22. hxg5 Qxg5 23. Qxg5 hxg5 24. Nf6+ Bxf6 25. Rxf6 Rfd8 26. Be1 Nf4 27. Rf5 f6
28. Rxf6 Kg7 29. Rfh6 Nxd5 30. Bf2 Nf4 31. g3 Ng6 32. Bd4+ Ne5 33. Rxd6 Rxd6 34.
Bxe5+ Rf6 35. Rf1 Rf8 36. Kd2 Kg6 37. Bxf6 Rxf6 38. Rxf6+ 1-0

[Event "Chigorin Memorial 2019"]
[Site "St Petersburg RUS"]
[Date "2019.10.08"]
[Round "4.91"]
[White "Zhapova, Yana"]
[Black "Khalikov, Bulat"]
[Result "0-1"]
[WhiteElo "1878"]
[BlackElo "2152"]
[WhiteFideId "24278670"]
[BlackFideId "34147869"]
[EventDate "2019.10.05"]

1. e4 e5 2. Nf3 Nc6 3. Bb5 Nf6 4. d4 exd4 5. O-O a6 6. Bxc6 dxc6 7. e5 Nd5 8.
Nxd4 c5 9. Nf3 Bg4 10. h3 Bh5 11. Qe2 Qe7 12. Qe4 Bxf3 13. Qxf3 O-O-O 14. Qf5+
Qe6 15. Qxe6+ fxe6 16. c4 Nb4 17. Nc3 Be7 18. f4 Nd3 19. b3 Nb4 20. Rf2 Rhf8 21.
a3 Nd3 22. Rf3 Bh4 23. Ne2 Ne1 24. Rf1 Rd3 25. g3 Bxg3 26. Nxg3 Rxg3+ 27. Kf2
Nc2 28. Ra2 Rxh3 29. Kg2 Rc3 30. Bd2 Ne3+ 31. Kf2 Rxf4+ 32. Ke2 Nxf1 33. Bxc3
Ng3+ 34. Ke3 Rf7 35. Rg2 Nf5+ 0-1

[Event "Chigorin Memorial 2019"]
[Site "St Petersburg RUS"]
[Date "2019.10.08"]
[Round "4.92"]
[White "Shapiyanov, Adam"]
[Black "Vetokhin, Ilia"]
[Result "0-1"]
[WhiteElo "1871"]
[BlackElo "2143"]
[WhiteFideId "24123390"]
[BlackFideId "24156078"]
[EventDate "2019.10.05"]

1. Nf3 Nf6 2. g3 g6 3. Bg2 Bg7 4. O-O O-O 5. c4 d6 6. Nc3 c5 7. d4 Nc6 8. d5 Na5
9. Qd3 a6 10. e4 Nd7 11. Bf4 b5 12. cxb5 axb5 13. Nxb5 Rb8 14. a4 Ba6 15. Rfe1
c4 16. Qc2 Bxb5 17. axb5 Nc5 18. Bf1 Rxb5 19. e5 Qb6 20. Ra2 Ncb3 21. Qe4 Rb4
22. Be3 Qb7 23. Bd4 Nxd4 24. Nxd4 dxe5 25. Nf3 c3 26. Qc2 Rxb2 27. Qa4 Qxd5 28.
Rxb2 cxb2 29. Bg2 Qb3 30. Qe4 f5 31. Qb1 Nc4 32. Rd1 Na3 33. Nd2 Nxb1 34. Nxb3
Nc3 0-1

[Event "Chigorin Memorial 2019"]
[Site "St Petersburg RUS"]
[Date "2019.10.08"]
[Round "4.93"]
[White "Lebedev, Mikhail S."]
[Black "Kurchenko, Egor"]
[Result "1-0"]
[WhiteElo "2142"]
[BlackElo "1917"]
[WhiteFideId "24130303"]
[BlackFideId "54157749"]
[EventDate "2019.10.05"]

1. e4 c5 2. Nf3 e6 3. d4 cxd4 4. Nxd4 Nf6 5. Nc3 Nc6 6. Ndb5 Bb4 7. a3 Bxc3+ 8.
Nxc3 d5 9. exd5 exd5 10. Bd3 d4 11. Ne2 O-O 12. O-O Bg4 13. Bg5 Qd6 14. Re1 Rfe8
15. Qd2 Bxe2 16. Bf4 Qd5 17. Rxe2 Rxe2 18. Bxe2 Ne5 19. Bxe5 Qxe5 20. Bf3 Re8
21. h3 b6 22. Rd1 Qc5 23. b4 Qc7 24. b5 Qc5 25. a4 Qc4 26. Bc6 Rd8 27. a5 h6 28.
axb6 axb6 29. Qd3 Qe6 30. Ra1 Qe5 31. Rd1 Qe6 32. c3 Rd6 33. cxd4 Nd5 34. Qd2
Qf6 35. Kf1 Nf4 36. Qe3 Ne6 37. d5 Nc5 38. Kg1 g6 39. Qxh6 Ne4 40. Qe3 Nc3 41.
Rd3 Na4 42. Ra3 Nc5 43. Ra8+ Kh7 44. Qe8 Ne6 45. Qg8+ Kh6 46. Qh8+ Qxh8 47.
Rxh8+ Kg7 48. dxe6 1-0

[Event "Chigorin Memorial 2019"]
[Site "St Petersburg RUS"]
[Date "2019.10.08"]
[Round "4.94"]
[White "Chetyrev, Dmitry"]
[Black "Polosin, Evgeni"]
[Result "0-1"]
[WhiteElo "1869"]
[BlackElo "2159"]
[WhiteFideId "24175323"]
[BlackFideId "24108456"]
[EventDate "2019.10.05"]

1. e4 e5 2. Nf3 Nc6 3. d4 exd4 4. Nxd4 Nf6 5. Nc3 Bb4 6. Nxc6 bxc6 7. Bd3 d5 8.
exd5 cxd5 9. O-O O-O 10. Bg5 Be6 11. a3 Be7 12. Re1 c5 13. Qf3 Qb6 14. Qg3 c4
15. Bf5 d4 16. Na4 Qc6 17. b3 Bxf5 18. Rxe7 Ne4 19. Qe5 Qg6 20. Bf4 d3 21. cxd3
cxd3 22. Nb2 Nf6 23. Nc4 Rad8 24. Nd6 Be6 25. b4 Nd5 26. Bg5 Rxd6 27. Qxd6 Qxg5
28. Rxa7 Nf4 29. g3 Qf6 30. Qxf4 Qxa1+ 31. Kg2 Bd5+ 32. Kh3 Qf6 33. Qxf6 gxf6
34. Rd7 Be6+ 0-1

[Event "Chigorin Memorial 2019"]
[Site "St Petersburg RUS"]
[Date "2019.10.08"]
[Round "4.95"]
[White "Kudin, Alexander"]
[Black "Gagare, Shalmali"]
[Result "1-0"]
[BlackTitle "WIM"]
[WhiteElo "1824"]
[BlackElo "2134"]
[WhiteFideId "24248550"]
[BlackFideId "5038650"]
[EventDate "2019.10.05"]

1. Nf3 d5 2. d4 Nf6 3. c4 e6 4. Nc3 Be7 5. cxd5 exd5 6. Bf4 c6 7. e3 Bf5 8. Bd3
Bxd3 9. Qxd3 O-O 10. O-O Bd6 11. Bg5 Nbd7 12. e4 dxe4 13. Nxe4 Be7 14. Ng3 Nd5
15. Bd2 g6 16. Rfe1 Bf6 17. Ne5 Bg7 18. f4 Re8 19. Ne4 Nxf4 20. Qf3 Nxe5 21.
dxe5 Nd3 22. Nd6 Nxe1 23. Qxf7+ Kh8 24. Qc4 Rf8 25. Rxe1 Qe7 26. Bb4 a5 27. Bc5
Qc7 28. e6 b6 29. Nf7+ Rxf7 30. exf7 Qd7 31. Qe6 Bd4+ 32. Kh1 Qxe6 33. Rxe6 Bxc5
34. Re8+ Kg7 35. Rxa8 Kxf7 36. Rc8 Bd4 37. Rxc6 Bxb2 38. Rxb6 1-0

[Event "Chigorin Memorial 2019"]
[Site "St Petersburg RUS"]
[Date "2019.10.08"]
[Round "4.96"]
[White "Nasibullin, Iskander"]
[Black "Shmoilov, Dmitry"]
[Result "1-0"]
[WhiteElo "2123"]
[BlackElo "1904"]
[WhiteFideId "34124273"]
[BlackFideId "24160342"]
[EventDate "2019.10.05"]

1. b3 Nf6 2. Bb2 g6 3. Nf3 Bg7 4. e3 d6 5. d4 O-O 6. Bd3 e5 7. dxe5 Nfd7 8. O-O
dxe5 9. Nbd2 Nc6 10. Bb5 Re8 11. Nc4 Qf6 12. e4 a6 13. Bxc6 Qxc6 14. Re1 b5 15.
Na5 Qe6 16. Qd5 Nb6 17. Qc5 Qd6 18. Qxd6 cxd6 19. Rad1 Bf8 20. Ba3 Re6 21. Rd2
Ra7 22. Red1 Rd7 23. Kf1 h6 24. Bb4 Na8 25. a3 Nc7 26. Nc6 f6 27. Nb8 Rd8 28.
Ba5 Bb7 29. Bxc7 Rc8 30. Bxd6 Bxe4 31. Bxf8 Kxf8 32. Nd7+ Ke7 33. Ne1 1-0

[Event "Chigorin Memorial 2019"]
[Site "St Petersburg RUS"]
[Date "2019.10.08"]
[Round "4.97"]
[White "Rudovskii, Filipp"]
[Black "Khodko, Yurii N."]
[Result "1-0"]
[WhiteElo "2120"]
[BlackElo "1877"]
[WhiteFideId "54121299"]
[BlackFideId "24264717"]
[EventDate "2019.10.05"]

1. e4 e6 2. d4 d5 3. Nc3 Bb4 4. exd5 exd5 5. Bd3 Nc6 6. a3 Be7 7. Be3 Bf6 8.
Nge2 Nge7 9. Qd2 Bf5 10. O-O-O Qd7 11. Nf4 g6 12. Bb5 Bg7 13. f3 h5 14. g3 a6
15. Ba4 g5 16. Nd3 Bxd3 17. Qxd3 g4 18. Rhe1 O-O-O 19. Bg5 f6 20. Bf4 b5 21.
Nxb5 axb5 22. Bxb5 Kb7 23. Qb3 Rhe8 24. Bxc6+ Kxc6 25. Rd3 1-0

[Event "Chigorin Memorial 2019"]
[Site "St Petersburg RUS"]
[Date "2019.10.08"]
[Round "4.98"]
[White "Lezina, Anna"]
[Black "Ovezdurdiyeva, Jemal"]
[Result "1-0"]
[BlackTitle "WFM"]
[WhiteElo "1542"]
[BlackElo "2117"]
[WhiteFideId "54147220"]
[BlackFideId "14001888"]
[EventDate "2019.10.05"]

1. e4 c5 2. Nf3 d6 3. Bc4 Nf6 4. e5 dxe5 5. Nxe5 e6 6. Qe2 a6 7. a4 Nbd7 8. Nxf7
Kxf7 9. Qxe6+ Kg6 10. h4 Qe7 11. h5+ Kh6 12. d4+ g5 13. hxg6+ Kg7 14. Bh6+ 1-0

[Event "Chigorin Memorial 2019"]
[Site "St Petersburg RUS"]
[Date "2019.10.08"]
[Round "4.99"]
[White "Skuratovich, Yakov"]
[Black "Dushin, Nikolay"]
[Result "1-0"]
[WhiteElo "2097"]
[BlackElo "1856"]
[WhiteFideId "24116785"]
[BlackFideId "4114612"]
[EventDate "2019.10.05"]

1. e4 g6 2. d4 Bg7 3. Be3 c5 4. c3 cxd4 5. cxd4 Qb6 6. Qd2 Nc6 7. Nf3 d5 8. exd5
Nb4 9. Nc3 Nf6 10. Bb5+ Kf8 11. Bc4 Bf5 12. O-O Rc8 13. Bb3 Ne4 14. Nxe4 Bxe4
15. Ne5 Rd8 16. Nc4 Qb5 17. a4 Qxd5 18. Qxb4 Bxg2 19. Ne5 Qe4 20. Qc4 e6 21. Qc7
Bxe5 22. Qxd8+ Kg7 23. Qg5 Bxf1 24. Qxe5+ Qxe5 25. dxe5 Be2 26. Bg5 Re8 27. Bf6+ 1-0

[Event "Chigorin Memorial 2019"]
[Site "St Petersburg RUS"]
[Date "2019.10.08"]
[Round "4.101"]
[White "Savinov, Leonid"]
[Black "Shemyakinskiy, Nikita"]
[Result "1-0"]
[WhiteElo "2086"]
[BlackElo "1816"]
[WhiteFideId "4166264"]
[BlackFideId "44170025"]
[EventDate "2019.10.05"]

1. e4 c5 2. Nf3 Nc6 3. Bb5 g6 4. Bxc6 dxc6 5. h3 Bg7 6. d3 Nf6 7. O-O Nd7 8.
Nbd2 O-O 9. Nh2 e5 10. b3 Re8 11. Bb2 Nf8 12. f4 exf4 13. Bxg7 Kxg7 14. Rxf4 Be6
15. Kh1 Qd4 16. Rf1 Qc3 17. a4 Red8 18. Nhf3 h6 19. Ng1 g5 20. Ne2 Qe5 21. Nf3
Qc7 22. Qe1 Ng6 23. Qc3+ Kg8 24. Qxc5 b6 25. Qf2 c5 26. Qg3 Qxg3 27. Nxg3 a6 28.
Nf5 Bxf5 29. exf5 Ne7 30. Nd2 Nc6 31. Ne4 Nb4 32. Rf2 a5 33. g3 Kg7 34. Kg2 Nc6
35. h4 f6 36. hxg5 hxg5 37. Rh1 Ne5 38. Re2 Ng4 39. Nf2 Ne5 40. Re4 Rh8 41. Rxh8
Rxh8 42. Ng4 Re8 43. Nxe5 fxe5 44. g4 Kf6 45. Re3 Rd8 46. Rh3 e4 47. Rh6+ Kf7
48. dxe4 Rd2+ 49. Kf3 Rxc2 50. e5 c4 51. e6+ Ke7 52. Rh7+ Kd6 53. Rd7+ Kc6 54.
bxc4 Rxc4 55. Rd1 Rc3+ 56. Ke4 Rc2 57. f6 Rf2 58. e7 Kc7 59. f7 Re2+ 60. Kf3
Rxe7 1-0

[Event "Chigorin Memorial 2019"]
[Site "St Petersburg RUS"]
[Date "2019.10.08"]
[Round "4.102"]
[White "Matveev, Ivan A."]
[Black "Martynyuk, Elizaveta"]
[Result "0-1"]
[BlackTitle "FM"]
[WhiteElo "1674"]
[BlackElo "2072"]
[WhiteFideId "24262790"]
[BlackFideId "24128511"]
[EventDate "2019.10.05"]

1. e4 c5 2. Nf3 Nc6 3. d4 cxd4 4. Nxd4 g6 5. c4 Nf6 6. Nc3 Nxd4 7. Qxd4 d6 8.
Bg5 Bg7 9. Be2 O-O 10. O-O a5 11. Qd2 a4 12. Rfd1 Be6 13. Bh6 Bxh6 14. Qxh6 Qb6
15. Rab1 Qb4 16. Nd5 Nxd5 17. exd5 Bf5 18. Bd3 Bxd3 19. Rxd3 f6 20. Re3 Rf7 21.
b3 Qd2 22. Qh4 Qxa2 23. Qe4 Qd2 24. bxa4 Rxa4 25. Rxb7 Ra1+ 26. Rb1 f5 0-1

[Event "Chigorin Memorial 2019"]
[Site "St Petersburg RUS"]
[Date "2019.10.08"]
[Round "4.103"]
[White "Sidorov, Dmitry I"]
[Black "Svergina, Sofya"]
[Result "1/2-1/2"]
[BlackTitle "WCM"]
[WhiteElo "2059"]
[BlackElo "1738"]
[WhiteFideId "44155360"]
[BlackFideId "24276120"]
[EventDate "2019.10.05"]

1. Nf3 Nf6 2. b3 g6 3. Bb2 Bg7 4. c4 c6 5. e4 d6 6. Be2 O-O 7. Qc2 c5 8. O-O Nc6
9. h3 Nb4 10. Qc3 e5 11. d3 Nh5 12. a3 Nf4 13. Re1 Nc6 14. Nbd2 Nd4 15. Bf1 Qf6
16. Nxd4 exd4 17. Qc2 g5 18. e5 dxe5 19. b4 b6 20. bxc5 bxc5 21. a4 Bb7 22. Rab1
Qc6 23. f3 f5 24. Ba3 Rab8 25. Rb5 Ne6 26. Reb1 Qc8 27. Nb3 a6 28. Rb6 Rf6 29.
Na5 Nd8 30. Qb3 Rxb6 31. Qxb6 Bf8 32. Be2 f4 33. Kf2 Kf7 34. Ke1 Be7 35. Kf2 Bf8
36. Kg1 Kg8 37. Kh2 Kf7 38. g3 fxg3+ 39. Kxg3 Be7 1/2-1/2

[Event "Chigorin Memorial 2019"]
[Site "St Petersburg RUS"]
[Date "2019.10.08"]
[Round "4.105"]
[White "Biriukov, Ilja"]
[Black "Shkuratov, Vladimir"]
[Result "1/2-1/2"]
[WhiteTitle "IM"]
[WhiteElo "2349"]
[BlackElo "1869"]
[WhiteFideId "4113373"]
[BlackFideId "44158190"]
[EventDate "2019.10.05"]

1. d4 Nf6 2. c4 g6 3. Nc3 Bg7 4. e4 d6 5. f4 O-O 6. Nf3 Na6 7. Bd3 e5 8. fxe5
dxe5 9. d5 Nc5 10. Bc2 a5 11. O-O Ne8 12. Bg5 f6 13. Bh4 Qe7 14. a3 b6 15. Rb1
Nd6 16. b4 Nd7 17. Bd3 Ba6 18. Nb5 Bxb5 19. cxb5 axb4 20. axb4 Bh6 21. Qe2 Qe8
22. Ra1 Rxa1 23. Rxa1 f5 24. Bg5 Bg7 25. Rc1 h6 26. Bh4 fxe4 27. Bxe4 Rf4 28.
Bd3 Rxb4 29. Be1 Ra4 30. Qc2 Nc5 31. Bxg6 Qxb5 32. Bh7+ Kh8 33. Bc3 Nde4 34.
Bxe4 Rxe4 35. Bxe5 Bxe5 36. Nxe5 Rxe5 37. Qg6 Qe8 38. Qxh6+ Kg8 39. Rf1 Re7 40.
d6 cxd6 41. Qxd6 Re6 42. Qd5 Qg6 1/2-1/2

[Event "Chigorin Memorial 2019"]
[Site "St Petersburg RUS"]
[Date "2019.10.08"]
[Round "4.106"]
[White "Loktionov, Kirill"]
[Black "Khakimov, Timur"]
[Result "0-1"]
[BlackTitle "IM"]
[WhiteElo "1866"]
[BlackElo "2278"]
[WhiteFideId "54120403"]
[BlackFideId "4169115"]
[EventDate "2019.10.05"]

1. d4 d5 2. c4 e6 3. Nc3 c5 4. e3 Nf6 5. Nf3 Nc6 6. cxd5 exd5 7. Bd3 c4 8. Bc2
Bg4 9. h3 Bh5 10. O-O Bb4 11. a3 Bxc3 12. bxc3 O-O 13. Bd2 Ne4 14. g4 Bg6 15.
Ne5 Nxe5 16. dxe5 Qh4 17. Kg2 Ng5 18. Rh1 Be4+ 19. Bxe4 dxe4 20. Qe2 Nf3 21. Be1
f5 22. exf6 Rxf6 23. Qxc4+ Kh8 24. Ra2 Raf8 25. Qe2 h5 26. Rb2 Rg6 0-1

[Event "Chigorin Memorial 2019"]
[Site "St Petersburg RUS"]
[Date "2019.10.08"]
[Round "4.107"]
[White "Novozhilov, Semen"]
[Black "Yandarbiev, Ruslan"]
[Result "0-1"]
[BlackTitle "IM"]
[WhiteElo "1786"]
[BlackElo "2278"]
[WhiteFideId "24289167"]
[BlackFideId "4115023"]
[EventDate "2019.10.05"]

1. d4 Nf6 2. Nf3 g6 3. Bg5 Bg7 4. c3 Ne4 5. Bh4 O-O 6. Nbd2 d5 7. e3 Bf5 8. Qb3
b6 9. c4 c5 10. cxd5 cxd4 11. Qb4 Nxd2 12. Nxd2 dxe3 13. fxe3 a5 14. Qb3 a4 15.
Qb4 Qxd5 16. Bc4 Qxg2 17. O-O-O Nc6 18. Qb5 Ra5 19. Rdg1 Rxb5 20. Rxg2 Rxb2 21.
a3 Rd8 22. e4 Bxe4 0-1

[Event "Chigorin Memorial 2019"]
[Site "St Petersburg RUS"]
[Date "2019.10.08"]
[Round "4.108"]
[White "Erokhin, Artem"]
[Black "Petrushev, Nikita"]
[Result "0-1"]
[WhiteElo "1851"]
[BlackElo "2233"]
[WhiteFideId "44153414"]
[BlackFideId "34117803"]
[EventDate "2019.10.05"]

1. e4 c5 2. Nf3 d6 3. d4 cxd4 4. Nxd4 Nf6 5. Nc3 a6 6. Be2 g6 7. O-O Bg7 8. f4
O-O 9. Kh1 Nc6 10. Be3 Bd7 11. Qd2 Rc8 12. Rae1 b5 13. a3 Na5 14. Bg1 Nc4 15.
Qc1 e5 16. fxe5 dxe5 17. Nb3 Qe7 18. Bxc4 bxc4 19. Nd2 h6 20. Nf3 Bc6 21. Qe3
Rb8 22. Nd2 Rxb2 23. Nxc4 Rxc2 24. Qd3 Rxc3 25. Qxc3 Nxe4 26. Qc2 Qh4 27. Bf2
Nxf2+ 28. Rxf2 Rc8 0-1

[Event "Chigorin Memorial 2019"]
[Site "St Petersburg RUS"]
[Date "2019.10.08"]
[Round "4.109"]
[White "Artamonov, Valery"]
[Black "Smorodkin, Kirill"]
[Result "1-0"]
[WhiteElo "2169"]
[BlackElo "1848"]
[WhiteFideId "24100480"]
[BlackFideId "44176678"]
[EventDate "2019.10.05"]

1. Nf3 d5 2. b3 c6 3. Bb2 Bg4 4. d3 Nd7 5. Nbd2 Ngf6 6. h3 Bh5 7. e4 dxe4 8.
dxe4 Qa5 9. Bd3 Bxf3 10. Qxf3 e5 11. a3 Be7 12. Rd1 Qc7 13. O-O O-O-O 14. Nc4 h5
15. Rd2 h4 16. Rfd1 Kb8 17. Be2 b5 18. Nd6 Bxd6 19. Rxd6 Kb7 20. c4 Ne8 21. R6d2
Nef6 22. cxb5 cxb5 23. Bxb5 Nc5 24. Rxd8 Rxd8 25. Rxd8 Qxd8 26. Bxe5 Kb6 27. a4
Ncxe4 28. Bxf6 Nxf6 29. Qc6+ 1-0

[Event "Chigorin Memorial 2019"]
[Site "St Petersburg RUS"]
[Date "2019.10.08"]
[Round "4.110"]
[White "Dudarev, V."]
[Black "Klevets, Ksenia"]
[Result "0-1"]
[WhiteElo "2127"]
[BlackElo "1842"]
[WhiteFideId "4124413"]
[BlackFideId "24157937"]
[EventDate "2019.10.05"]

1. d4 d5 2. c4 e6 3. Nf3 Nf6 4. g3 dxc4 5. Bg2 a6 6. O-O Nc6 7. e3 Bd7 8. Qe2 b5
9. b3 cxb3 10. axb3 Be7 11. Nc3 Nb4 12. Ne5 Nfd5 13. Ne4 O-O 14. Bb2 f6 15. Nxd7
Qxd7 16. Rfc1 Rfb8 17. Nc5 Bxc5 18. Rxc5 a5 19. e4 Ne7 20. Qd2 c6 21. Bh3 Rd8
22. Rcc1 Qd6 23. Qc3 e5 24. Rd1 exd4 25. Qd2 c5 26. Bf1 Qb6 27. Rdc1 Rac8 28. f4
Nec6 29. Kh1 Re8 30. Re1 Rcd8 31. Rac1 d3 32. e5 Nc2 33. Re4 f5 34. Ree1 Nxe1
35. Rxe1 Re6 36. Bg2 Nb4 37. g4 g6 38. gxf5 gxf5 39. Bh3 Rf8 40. Re3 Rg6 41. Bg2
Qe6 42. Rh3 Qxb3 43. e6 Qc2 44. Qxc2 dxc2 45. e7 Re8 46. Re3 Kf7 0-1

[Event "Chigorin Memorial 2019"]
[Site "St Petersburg RUS"]
[Date "2019.10.08"]
[Round "4.111"]
[White "Shakirov, Marat"]
[Black "Shilo, Kirill"]
[Result "1-0"]
[WhiteElo "2114"]
[BlackElo "1824"]
[WhiteFideId "44118171"]
[BlackFideId "34157082"]
[EventDate "2019.10.05"]

1. d4 Nf6 2. c4 g6 3. Nc3 d5 4. cxd5 Nxd5 5. Na4 Bg7 6. e4 Nb6 7. Be3 O-O 8. Nf3
Nxa4 9. Qxa4 c5 10. Rd1 Nc6 11. dxc5 Qc7 12. Qa3 Bg4 13. Be2 Ne5 14. Nxe5 Bxe2
15. Kxe2 Bxe5 16. Rd3 a6 17. Rhd1 Rfd8 18. Qb3 Rxd3 19. Rxd3 e6 20. g3 Qc6 21.
f3 h5 22. Qb6 Qxb6 23. cxb6 Bxb2 24. Rd7 Rb8 25. Bc5 Rc8 26. Rc7 Rd8 27. Rxb7
Be5 28. Be7 Rb8 29. Rxb8+ Bxb8 30. Bd8 1-0